Junge Eliten : Selbständigkeit als Beruf /
Disimpan dalam:
| Pengarang-pengarang Lain: | , |
|---|---|
| Format: | Buku |
| Bahasa: | German |
| Diterbitkan: |
Stuttgart :
Kohlhammer,
c1997.
|
| Subjek-subjek: | |
| Penanda-penanda: |
Tambah Penanda
Tiada Penanda, Jadilah orang pertama menanda rekod ini!
|
| LEADER | 00883cam a2200265Ia 4500 | ||
|---|---|---|---|
| 001 | 007750745-2 | ||
| 005 | 20020606104010.5 | ||
| 008 | 980921s1997 gw a b 100 0 gersd | ||
| 020 | |a 3170151037 | ||
| 035 | 0 | |a ocm40302423 | |
| 040 | |a OHX |b ger |c OHX |d GZM |d HLS | ||
| 043 | |a e-gx--- | ||
| 072 | 7 | |a HD |2 lcco | |
| 090 | |a HN460.E4 |b J8 1997 | ||
| 245 | 0 | 0 | |a Junge Eliten : |b Selbständigkeit als Beruf / |c herausgegeben von Heinz Bude und Stephan Schleissing ; mit Beiträgen von Konrad Adam ... [et al.]. |
| 260 | |a Stuttgart : |b Kohlhammer, |c c1997. | ||
| 300 | |a 157 p. : |b ill. ; |c 24 cm. | ||
| 500 | |a Conference proceedings. | ||
| 504 | |a Includes bibliographical references. | ||
| 650 | 0 | |a Elite (Social sciences) |z Germany |v Congresses. | |
| 650 | 0 | |a Elite (Social sciences) |v Congresses. | |
| 700 | 1 | |a Bude, Heinz. | |
| 700 | 1 | |a Schleissing, Stephan. | |
| 988 | |a 20020608 | ||
| 906 | |0 OCLC | ||


